Jeux de mots Géographique #Amérique Sud - Statistiques

Statistiques générales
  • Ce quiz a été pris 96 fois
  • Le résultat moyen est 15 sur 30
Statistiques - réponses
Phrases Réponse Terme Gographique % Correct
Les diabétiques en ont trop Sucre Ville Capitale
93%
On le mange très pimenté Chili Pays
81%
Qui veut faire l'_ _ _ _ _ _ _ _ _ du Mt Everest Asuncion Capitale
78%
En plein milieu des deux Tropiques Equateur Pays
78%
Loup en Anglais Wolf Volcan d'Equateur
76%
Fleuve en espagnol Rio Ville du Brésil
73%
L'anagramme de la réponse précédente Bogota Capitale
71%
Une chanteuse prénommé Chantal _ _ _ _ Goya Ville d'Argentine
71%
Trinité n'est que 50% de l'identité Tobago 50% d'un Pays
71%
Engrenait est une anagramme Argentine Pays
69%
Un "i" en trop pour être un oiseau Colombie Pays
63%
Faut que tu _ _ _ _ _ _ _ _ _ _ pour faire un film Montevidéo Capitale
63%
Marque très connue sur Internet Amazone Fleuve
61%
Numérisa est une anagramme Suriname Pays
61%
Son nom ressemble a l'un de nos départements Guyana Pays
60%
C'est un modèle de Porsche Cayenne Ville en DOM TOM
59%
Gustavo _ _ _ _ est portugais Lima Capitale
56%
Pourquoi fais tu ton _ _ _ _méro Cali Ville de Colombie
54%
Tu préfère Pa_ _ _ _ _ que Tropicana Quito Capitale
49%
La traduction de la ville, nous rapproche de Curaçao Buenos Aires Capitale
34%
Un synonyme de backflip Salto Ville d'Uruguay
30%
En F1 elles sont appelées les fleches d'argent Mercedes Ville d'Uruguay
25%
Gros rocher dans l'eau Récife Ville du Brésil
24%
L'une des plus grandes villes d'Espagne Valencia Ville du Vénézuela
24%
Au moins 5 millions d'habitants en Catalogne Barcelona Ville du Vénézuela
23%
Il a chanté "Whistle" Florida Ville d'Uruguay
21%
Tout le monde l'enclenche pour aller plus vite Turbo Ville de Colombie
20%
Pastor _ _ _ _ _ _ _ _ _ est connu pour ses accidents Maldonado Ville d'Uruguay
14%
De feu d'artifice ou a fumer Petare Ville du Vénézuela
5%
Seule ville palindrome Oruro Ville de Bolivie
4%
Aucun quiz correspondant
Distribution des résultats
% des personnes avec chaque résultat
Percentile par nombre de réponses
Votre historique - résultats
Vous n’avez pas pris ce quiz